000 00571nam a22001577a 4500
005 20260302154013.0
008 260302b |||||||| |||| 00| 0 eng d
020 _a978-9966-57-562-3
100 _aARAPAI, DANIEL
245 _aSPOTLIGHT INFORMATION AND COMMUNICATION TECHNOLOGY
_bLEARNER'S BOOK GRADE 10
260 _aNAIROBI
_bSPOTLIGHT PUBLISHERS
_c2025
300 _aIV, 236P.
650 _a1. INFORMATION TECHNOLOGY - TEXTBOOKS- SECONDARY EDUCATION KENYA 2. COMPUTER SCIENCE - STUDY AND TEACHING (SECONDARY) - KENYA
700 _aWASWA, ROBERT
942 _2lcc
_cBK
999 _c216737
_d216737